000 00443nam a22001697a 4500
003 CEME
005 20210628205241.0
008 210204b xxu||||| |||| 00| 0 eng d
020 _a81-203-1136-1
040 _c.
082 _a511.322 KLI'F
100 _aKlir, George J Yuan, Bo
_974587
245 _aFuzzy sets and fuzzy logic theory and applications
260 _aNEWDELHI
_bPRENTICE HALL
_c1997
300 _aXV, 574P
942 _cBK
_2ddc
999 _c580102
_d580102